<?xml version="1.0" encoding="UTF-8"?>
<record
    xmlns:xsi="http://www.w3.org/2001/XMLSchema-instance"
    xsi:schemaLocation="http://www.loc.gov/MARC21/slim http://www.loc.gov/standards/marcxml/schema/MARC21slim.xsd"
    xmlns="http://www.loc.gov/MARC21/slim">

  <leader>01436nam a22002657a 4500</leader>
  <controlfield tag="005">20090617103837.0</controlfield>
  <controlfield tag="008">090617t        xxu||||| |||| 00| 0 hin d</controlfield>
  <datafield tag="010" ind1=" " ind2=" ">
    <subfield code="a">HIN-86954</subfield>
  </datafield>
  <datafield tag="020" ind1=" " ind2=" ">
    <subfield code="a">9788187733775</subfield>
    <subfield code="c">350.00</subfield>
  </datafield>
  <datafield tag="035" ind1=" " ind2=" ">
    <subfield code="a">HN-59300</subfield>
  </datafield>
  <datafield tag="037" ind1=" " ind2=" ">
    <subfield code="b">DBAD / PUB</subfield>
  </datafield>
  <datafield tag="040" ind1=" " ind2=" ">
    <subfield code="a">dpl</subfield>
    <subfield code="b">hn</subfield>
  </datafield>
  <datafield tag="082" ind1=" " ind2=" ">
    <subfield code="a">250.82</subfield>
  </datafield>
  <datafield tag="245" ind1=" " ind2=" ">
    <subfield code="a">&#x924;&#x94D;&#x930;&#x93F;&#x92A;&#x93F;&#x91F;&#x915;-&#x926;&#x93F;&#x917;&#x94D;&#x926;&#x930;&#x94D;&#x936;&#x93F;&#x915;&#x93E;&#x903; </subfield>
    <subfield code="c">&#x92F;&#x942;.&#x915;&#x94B;.&#x932;&#x947;. &#x926;&#x94D;&#x935;&#x93E;&#x930;&#x93E; &#x938;&#x902;&#x915;&#x932;&#x93F;&#x924; &#x90F;&#x935;&#x902; &#x921;&#x940;.&#x930;&#x947;&#x935;&#x924;&#x94D; &#x925;&#x947;&#x930;&#x94B; &#x926;&#x94D;&#x935;&#x93E;&#x930;&#x93E; &#x905;&#x928;&#x941;&#x926;&#x93F;&#x924; </subfield>
    <subfield code="b">&#x917;&#x93E;&#x907;&#x921; &#x91F;&#x942; &#x924;&#x94D;&#x930;&#x93F;&#x92A;&#x93F;&#x91F;&#x915; &#x915;&#x93E; &#x905;&#x928;&#x941;&#x935;&#x93E;&#x926; /</subfield>
  </datafield>
  <datafield tag="246" ind1=" " ind2=" ">
    <subfield code="a">Tripitaka-digdarshikaa </subfield>
    <subfield code="b">Collected by U.Ko Le.</subfield>
  </datafield>
  <datafield tag="260" ind1=" " ind2=" ">
    <subfield code="a">&#x926;&#x93F;&#x932;&#x94D;&#x932;&#x940;</subfield>
    <subfield code="b">&#x917;&#x94C;&#x924;&#x92E; &#x92C;&#x941;&#x915; &#x938;&#x947;&#x928;&#x94D;&#x91F;&#x930; </subfield>
    <subfield code="c">2009</subfield>
  </datafield>
  <datafield tag="270" ind1=" " ind2=" ">
    <subfield code="a">&#x91A;&#x928;&#x94D;&#x926;&#x928; &#x938;&#x926;&#x928; ,&#x938;&#x940;-263&#x90F;, &#x917;&#x932;&#x940; &#x928;&#x902;.-9, &#x939;&#x930;&#x926;&#x947;&#x935;&#x92A;&#x941;&#x930;&#x940; , &#x936;&#x93E;&#x939;&#x926;&#x930;&#x93E; </subfield>
    <subfield code="b">&#x926;&#x93F;&#x932;&#x94D;&#x932;&#x940;</subfield>
    <subfield code="e">110093 </subfield>
    <subfield code="k">22810380, 65822074</subfield>
  </datafield>
  <datafield tag="300" ind1=" " ind2=" ">
    <subfield code="a">11,135&#x92A;&#x943;.</subfield>
    <subfield code="c">22&#x938;&#x947;&#x92E;&#x940; (&#x938;&#x91C;&#x93F;&#x932;&#x94D;&#x926;) </subfield>
  </datafield>
  <datafield tag="650" ind1=" " ind2=" ">
    <subfield code="a">&#x92C;&#x94C;&#x926;&#x94D;&#x927; &#x927;&#x930;&#x94D;&#x92E; </subfield>
  </datafield>
  <datafield tag="650" ind1=" " ind2=" ">
    <subfield code="a">Buddhism</subfield>
  </datafield>
  <datafield tag="700" ind1=" " ind2=" ">
    <subfield code="a">&#x92F;&#x942; &#x915;&#x94B; &#x932;&#x947;</subfield>
  </datafield>
  <datafield tag="700" ind1=" " ind2=" ">
    <subfield code="a">&#x925;&#x947;&#x930;&#x94B;, &#x921;&#x940;.&#x930;&#x947;&#x935;&#x924;&#x94D; </subfield>
  </datafield>
  <datafield tag="942" ind1=" " ind2=" ">
    <subfield code="2">ddc</subfield>
    <subfield code="c">HN</subfield>
    <subfield code="m">&#x924;&#x94D;&#x930;&#x93F;&#x92A;&#x93F;&#x91F;</subfield>
    <subfield code="h">250.82</subfield>
  </datafield>
  <datafield tag="999" ind1=" " ind2=" ">
    <subfield code="c">27530</subfield>
    <subfield code="d">27530</subfield>
  </datafield>
  <datafield tag="952" ind1=" " ind2=" ">
    <subfield code="0">0</subfield>
    <subfield code="1">0</subfield>
    <subfield code="2">ddc</subfield>
    <subfield code="4">0</subfield>
    <subfield code="7">1</subfield>
    <subfield code="a">DBAD</subfield>
    <subfield code="b">DBAD</subfield>
    <subfield code="d">2009-06-17</subfield>
    <subfield code="e">DBAD / PUB</subfield>
    <subfield code="g">350.00</subfield>
    <subfield code="l">0</subfield>
    <subfield code="o">250.82 &#x924;&#x94D;&#x930;&#x93F;&#x92A;&#x93F;&#x91F;</subfield>
    <subfield code="p">HN-59300</subfield>
    <subfield code="r">2009-06-17 00:00:00</subfield>
    <subfield code="t">1</subfield>
    <subfield code="v">350.00</subfield>
    <subfield code="w">2009-06-17</subfield>
    <subfield code="y">HN</subfield>
  </datafield>
</record>
